[Event "Lilie op"]
[Site "Litomysl"]
[Date "1997.??.??"]
[Round "2"]
[White "Turner, Jan"]
[Black "Hlavac, Rudolf"]
[Result "1-0"]
[WhiteElo "2305"]
[BlackElo "2115"]

1.e4 c5 2.Nf3 Nc6 3.Bb5 g6 4.Bxc6 dxc6 5.h3 Bg7 6.d3 Nf6 7.Be3 Nxe4 8.c3 Nf6
9.Bxc5 O-O 10.O-O b6 11.Be3 c5 12.d4 cxd4 13.Qxd4 Bb7 14.Qxd8 Rfxd8 15.Nbd2 Ne4
16.Nb3 Ba6 17.Rfe1 Nxc3 18.bxc3 Bxc3 19.Bd4 Bxa1 20.Bxa1 Bc4 21.Nbd4 Bxa2
22.Nc6 Rd7 23.Nxe7+ Kf8 24.Bf6 Re8 25.Ra1 Be6 26.Nc6 Rc7 27.Ncd4 Bd5 28.Ne5 Rec8
29.Kh2 Ra8 30.Nb5 Rc2 31.Rd1 Be6 32.f4 a5 33.Nd7+ Bxd7 34.Rxd7 Rc6 35.Nd6 Kg8
36.Kg3 b5 37.Kg4 h6 38.h4 b4 39.h5 Rc2 40.Rxf7 Rxg2+ 41.Kf3 Rd2 42.Rg7+ Kf8
43.Ne4 Rd3+ 44.Ke2 Rd5 45.hxg6 Rc8 46.Rf7+ Ke8 47.Be5 Rc2+ 48.Ke3 Rxe5 49.fxe5 Rg2
50.Nf6+ Kd8 51.e6  1-0

[Event "SLO-chT"]
[Site "Ljubljana"]
[Date "1997.??.??"]
[Round "?"]
[White "Srebrnic, Vojko"]
[Black "Roskar, Robert"]
[Result "1/2-1/2"]
[WhiteElo "2225"]
[BlackElo "2230"]

1.e4 c5 2.Nf3 Nc6 3.Bb5 g6 4.O-O Bg7 5.Re1 Nd4 6.Nxd4 cxd4 7.c3 Qb6 8.Qb3 Nf6
9.Bc4 Qxb3 10.axb3 dxc3 11.dxc3 O-O 12.Na3 a6 13.f3 d6 14.Be3  1/2-1/2

[Event "Ljubljana op"]
[Site "Ljubljana"]
[Date "1997.??.??"]
[Round "2"]
[White "Kolar, Srecko"]
[Black "Sveshnikov, Evgeny"]
[Result "0-1"]
[WhiteElo "2180"]
[BlackElo "2560"]

1.e4 c5 2.Nf3 Nc6 3.Bb5 e6 4.O-O Nge7 5.b3 Nd4 6.Nxd4 cxd4 7.c3 a6 8.Be2 Nc6
9.f4 Bc5 10.Kh1 O-O 11.c4 d6 12.d3 f5 13.Nd2 g6 14.a3 a5 15.Qe1 Bd7 16.Bf3 Qf6
17.g3 Rae8 18.Bg2 Qg7 19.Ra2 e5 20.Nf3 fxe4 21.dxe4 exf4 22.gxf4 Re7 23.Nh4 Kh8
24.Qg3 Rfe8 25.Re2 Bf5 26.exf5 Rxe2 27.fxg6 d3 28.Qxd3 Qd4 29.Qh3 Qg7 30.f5 Re1
31.Nf3 Rxf1+ 32.Bxf1 Kg8 33.Bh6 Qa1 34.Bc1 Qg7 35.Bh6 Qa1 36.Bc1 Re7 37.Bg5 Rc7
38.Qg2 hxg6 39.Bf4 Rg7 40.fxg6 Qf6 41.Bg3 Rxg6 42.Nh4 Rg5 43.Nf3 Rg7 44.Nd2 Qf5
45.Ne4 Bxa3 46.c5 Bxc5 47.Bc4+ Kh8 48.Nxc5 dxc5 49.Qe2 Re7  0-1

[Event "TSV Willsbach"]
[Site "Loewenstein"]
[Date "1997.??.??"]
[Round "4"]
[White "Pedzich, Dominik"]
[Black "Oral, Tomas"]
[Result "0-1"]
[WhiteElo "2465"]
[BlackElo "2415"]

1.e4 c5 2.Nf3 Nc6 3.Bb5 g6 4.O-O Bg7 5.c3 Nf6 6.Re1 O-O 7.d4 d5 8.e5 Ne4
9.Bxc6 bxc6 10.Nbd2 cxd4 11.cxd4 c5 12.dxc5 Nxc5 13.Nb3 Nxb3 14.Qxb3 a5 15.Nd4 Qd7
16.Bd2 e6 17.a4 Ba6 18.Qg3 Rfb8 19.b3 Bf8 20.Rec1 Bb4 21.Bxb4 Rxb4 22.Nc6 Rb6
23.Nxa5 d4 24.Qf4 Qd5 25.Rc7 Rf8 26.b4 Qd8 27.Rc6 d3 28.b5 Bxb5 29.axb5 Rxb5
30.Qa4 Qd5 31.Rd6 Qxe5 32.Nc6 Qxd6 33.Qxb5 d2 34.Rd1 Rc8 35.Na7 Rc1 36.Qb3  0-1

[Event "Mar del Plata op"]
[Site "Mar del Plata"]
[Date "1997.??.??"]
[Round "6"]
[White "Zarnicki, Pablo"]
[Black "Braga, Fernando"]
[Result "1/2-1/2"]
[WhiteElo "2560"]
[BlackElo "2455"]

1.e4 c5 2.Nf3 Nc6 3.Bb5 e6 4.O-O Nge7 5.Re1 a6 6.Bf1 Qc7 7.b3 d5 8.exd5 Nxd5
9.Bb2 Bd7 10.Ng5 Nf6 11.Nc3 h6 12.Nf3 O-O-O 13.Ne4 Nxe4 14.Rxe4 f6 15.d3 e5
16.a3 g5 17.Bc3  1/2-1/2

[Event "Mar del Plata op"]
[Site "Mar del Plata"]
[Date "1997.??.??"]
[Round "7"]
[White "Kanefsck, Gustavo"]
[Black "Zarnicki, Pablo"]
[Result "1/2-1/2"]
[WhiteElo "2350"]
[BlackElo "2560"]

1.e4 c5 2.Nf3 Nc6 3.Bb5 g6 4.O-O Bg7 5.Re1 Nf6 6.e5 Nd5 7.Nc3 Nc7 8.Bxc6 dxc6
9.Ne4 Ne6 10.d3 O-O 11.Be3 b6 12.Qd2 Nd4 13.Nxd4 cxd4 14.Bh6 c5 15.Qf4 Bb7
16.Qh4 f6 17.Bxg7 Kxg7 18.exf6+ exf6 19.Re2 Qd5 20.f3 Qc6 21.Rae1 Rae8 22.Qf2 Re6
23.b4 Rfe8 24.bxc5 bxc5 25.h4 Qd5 26.h5 Bc6 27.h6+ Kxh6 28.Nxf6 Rxf6 29.Qh4+ Kg7
30.Rxe8 Bxe8 31.Rxe8 Qxa2 32.Qe4 Qb1+ 33.Kh2 Qb6 34.Re7+ Rf7 35.Qe5+ Qf6
36.Rxf7+ Kxf7 37.Qxc5 a6 38.Qa7+ Kg8 39.Kg1 Qd6 40.Kf2 h5 41.Qb7 h4 42.Kf1 Qf6
43.Kg1 Qd6 44.Kf1 Qf4 45.Qxa6 Qc1+ 46.Kf2 Qe3+ 47.Kf1  1/2-1/2

[Event "Mar del Plata op"]
[Site "Mar del Plata"]
[Date "1997.??.??"]
[Round "8"]
[White "Braga, Fernando"]
[Black "Fiorito, Fabian"]
[Result "1-0"]
[WhiteElo "2455"]
[BlackElo "2470"]

1.e4 c5 2.Nf3 Nc6 3.Bb5 e6 4.Bxc6 bxc6 5.b3 f6 6.O-O Ne7 7.d4 cxd4 8.Nxd4 Ng6
9.c4 Be7 10.f4 O-O 11.f5 Ne5 12.Kh1 c5 13.Ne2 Bb7 14.Nbc3 Re8 15.Nf4 Bf8
16.Bb2 a5 17.Nh5 Ra6 18.Qe2 exf5 19.exf5 Rd6 20.Rae1 Re7 21.Qc2 Nd3 22.Rd1 Re3
23.Nd5 Nxb2 24.Qxb2 Bxd5 25.cxd5 Qe8 26.Nf4 Qe5 27.Qf2 Qe4 28.Rc1 Rb6 29.Rc4 Qe5
30.d6 Rxd6 31.Nh5 Rd4 32.Rcc1 Re2 33.Qf3 Re3 34.Qf2 d5 35.Ng3 Bd6 36.Rce1 Rdd3
37.Kg1 h5 38.Rxe3 Rxe3 39.Rd1 d4 40.Nf1 Re4 41.Qf3 Rf4 42.Qxh5 Rxf5 43.Qg4 Rg5
44.Qc8+ Kh7 45.Rd3 Qe4 46.Rh3+ Kg6 47.g3 d3  1-0

[Event "Marostica op"]
[Site "Marostica"]
[Date "1997.??.??"]
[Round "?"]
[White "Everet, Alexandor"]
[Black "Passerotti, Pierluigi"]
[Result "1-0"]
[WhiteElo "2135"]
[BlackElo "2300"]

1.e4 c5 2.Nf3 Nc6 3.Bb5 e6 4.O-O Nge7 5.c3 a6 6.Ba4 b5 7.Bc2 Bb7 8.d4 cxd4
9.cxd4 Nb4 10.Nc3 Nxc2 11.Qxc2 Rc8 12.a3 Ng6 13.Qe2 Be7 14.Be3 O-O 15.Nd2 f5
16.f3 Qc7 17.Rac1 Nf4 18.Bxf4 Qxf4 19.g3 Qd6 20.Nb3 b4 21.Nb1 fxe4 22.fxe4 bxa3
23.Nxa3 Qb6 24.Rxf8+ Rxf8 25.Rc3 Bb4 26.Re3 Bxa3 27.bxa3 Bxe4 28.Nc5 Bd5
29.Nxd7 Qxd4 30.Nxf8 Kxf8 31.Qf2+ Kg8 32.Re1 Qc3 33.Rf1 h6 34.Rb1 Kh7 35.h4 Qxa3
36.Qc2+ Kg8 37.Rb8+ Kf7 38.Qf2+ Kg6 39.Kh2 Qd3 40.Rf8 e5 41.h5+ Kg5 42.Rd8 Kxh5
43.Rd6 g5 44.Rf6 Qe4 45.Qf1 Qc2+ 46.Rf2 Qe4 47.Qd1+ Kg6 48.Rd2 Bc6 49.Qc1 Bd5
50.Rb2 a5 51.Qf1 a4 52.Rb6+ Kh5 53.Qh3+  1-0

[Event "CRO-chT"]
[Site "Medulin"]
[Date "1997.??.??"]
[Round "?"]
[White "Golubovic, Boris"]
[Black "Kozul, Zdenko"]
[Result "1/2-1/2"]
[WhiteElo "2450"]
[BlackElo "2590"]

1.e4 c5 2.Nf3 Nc6 3.Bb5 g6 4.O-O Bg7 5.Re1 Nf6 6.e5 Nd5 7.Nc3 Nc7 8.Bxc6 dxc6
9.Ne4 b6 10.Nf6+ Kf8 11.Ne4 Bg4 12.d3 Ne6 13.Ned2 Bh6 14.Re4 Bxd2 15.Bxd2 h5
16.h3 Bxf3 17.Qxf3 Qd5 18.a4 Rd8 19.Be3 Kg7 20.b3 h4 21.Qg4 Rh5 22.f4 Rdh8
23.Rf1 Rf5 24.Bf2 Rfh5 25.Be3 Rf5 26.Bf2 Rfh5 27.Be3  1/2-1/2

[Event "CRO-chT"]
[Site "Medulin"]
[Date "1997.??.??"]
[Round "?"]
[White "Feletar, Darko"]
[Black "Zelenika, Srdjan"]
[Result "0-1"]
[WhiteElo "2330"]
[BlackElo "2270"]

1.e4 c5 2.Nf3 Nc6 3.Bb5 g6 4.O-O Bg7 5.c3 Nf6 6.d4 cxd4 7.cxd4 Nxe4 8.d5 Nd6
9.Bd3 Nb4 10.Nc3 Nxd3 11.Qxd3 O-O 12.Bf4 b5 13.Be5 f6 14.Bf4 b4 15.Na4 Qa5
16.Qb3 Ba6 17.Rfe1 Bc4 18.Qd1 Rfe8 19.Rc1 Qxd5 20.Nd2 Bb5 21.Rc5 Qd3 22.Rc7 Nf5
23.Nc5 Qd5 24.Qb3 Qxb3 25.Ndxb3 e5 26.Bd2 a5 27.Nb7 a4 28.N3c5 Rec8 29.Rxc8+ Rxc8
30.Bxb4 d5 31.Rd1 Nd4 32.Nd6 Rb8 33.Nxb5 Rxb5 34.a3 Bf8 35.Nd3 Nb3 36.Kf1 Kf7
37.Bxf8 Kxf8 38.Nc1 Nxc1 39.Rxc1 Rxb2 40.Rc8+ Kf7 41.Ra8 d4 42.Rxa4 Ke6 43.Ra6+ Kf5
44.a4 Ra2 45.a5 h5 46.h3 h4 47.Ra8 Ke4 48.a6 Kd3 49.f3 Ke3 50.Kg1 d3  0-1

[Event "CRO-chT"]
[Site "Medulin"]
[Date "1997.??.??"]
[Round "?"]
[White "Golubovic, Boris"]
[Black "Kurajica, Bojan"]
[Result "1/2-1/2"]
[WhiteElo "2450"]
[BlackElo "2545"]

1.e4 c5 2.Nf3 Nc6 3.Bb5 e6 4.O-O Nge7 5.b3 Ng6 6.Bb2 a6 7.Bxc6 bxc6 8.d4 f6
9.c4 cxd4 10.Qxd4 c5 11.Qe3 Qc7 12.Nc3 Bb7 13.Ne2 Be7 14.h4 h5 15.Rad1 Rd8
16.Bc3 Qc6 17.Ng3 Bd6 18.Rfe1 Bf4 19.Qd3 Bc7 20.Qd2 Bf4 21.Qd3 Bb8 22.Ba5 Rc8
23.Rd2 Nf4 24.Qc2 O-O 25.Qd1 Rf7 26.Nh2 f5 27.Nf3 fxe4 28.Nxe4 d5 29.Neg5 Rf5
30.g3 d4 31.gxf4 Bxf4 32.Ne4 Be3 33.fxe3 Qxe4 34.exd4 Qg4+ 35.Rg2 Qxf3 36.Qxf3 Bxf3
37.Rf2 cxd4 38.Rxe6 Rxa5 39.Rxf3 Rxa2 40.Rd6 Re8 41.Rxd4 Re1+ 42.Rf1 Ree2
43.Rf3 Rg2+ 44.Kf1 Rgb2 45.Kg1 Rb1+ 46.Rf1 Rxb3 47.Rf2 Rg3+ 48.Kh2 Rxf2+
49.Kxg3 Rf5 50.Rd7 Rc5 51.Ra7 a5 52.Kh3 Kf8 53.Kg3 g5 54.hxg5 Rxg5+ 55.Kf4 Rc5
56.Ke3 Ke8 57.Kd4 Rg5 58.c5 a4 59.Kc4 Rg3 60.Rh7 Rh3 61.c6 Kd8 62.Kb5 a3
63.c7+ Kc8 64.Kb6 Rb3+ 65.Kc6 Rc3+ 66.Kb6 Rb3+ 67.Kc6 Rc3+ 68.Kb6  1/2-1/2

[Event "CRO-chT2"]
[Site "Medulin"]
[Date "1997.??.??"]
[Round "?"]
[White "Arapovic, Vitomir"]
[Black "Jelen, Igor"]
[Result "1-0"]
[WhiteElo "2430"]
[BlackElo "2405"]

1.e4 c5 2.Nf3 Nc6 3.Bb5 g6 4.O-O Bg7 5.Re1 Nf6 6.Nc3 O-O 7.e5 Ne8 8.Bxc6 dxc6
9.h3 Nc7 10.d3 Ne6 11.Ne4 f5 12.exf6 exf6 13.Be3 b6 14.Qd2 f5 15.Neg5 Nc7
16.Bf4 Bxb2 17.Rab1 Bf6 18.Ne5 Nd5 19.Nxc6 Qd7 20.Ne5 Qg7 21.Ngf3 Nxf4 22.Qxf4 Bb7
23.Re3 Bd5 24.c4 Bb7 25.Nd2 Rae8 26.Nef3 Rxe3 27.Qxe3 Rd8 28.h4 Qd7 29.h5 Re8
30.Qf4 Qxd3 31.hxg6 Bxf3 32.Rb3 Re1+ 33.Kh2 Qd7 34.Nxf3 Re4 35.Qb8+ Qe8 36.gxh7+ Kh8
37.Qxe8+ Rxe8 38.Re3 Rxe3 39.fxe3 Kxh7 40.Kg3 Kg6 41.Kf4 Bd8 42.e4 fxe4 43.Kxe4 Bf6
44.a4 Bc3 45.g4 Kf6 46.Kd5 Ba5 47.Kc6 a6 48.Kb7 b5 49.Kxa6  1-0

[Event "CRO-chT2"]
[Site "Medulin"]
[Date "1997.??.??"]
[Round "?"]
[White "Arapovic, Vitomir"]
[Black "Shariyazdanov, Andrey"]
[Result "1/2-1/2"]
[WhiteElo "2430"]
[BlackElo "2525"]

1.e4 c5 2.Nf3 Nc6 3.Bb5 e6 4.O-O Nge7 5.b3 a6 6.Bxc6 Nxc6 7.Bb2 b5 8.d3 d6
9.a4 Rb8 10.axb5 axb5 11.d4 cxd4  1/2-1/2

[Event "CRO-chT2"]
[Site "Medulin"]
[Date "1997.??.??"]
[Round "?"]
[White "Balenovic, Zvonimir"]
[Black "Gazarek, Danko"]
[Result "1/2-1/2"]
[WhiteElo "2270"]
[BlackElo "2330"]

1.e4 c5 2.Nf3 Nc6 3.Bb5 e6 4.Bxc6 bxc6 5.O-O Be7 6.d3 Qc7 7.e5 f6 8.Bf4 Qd8
9.Nc3 fxe5 10.Bxe5 Nf6 11.Ne4 d6 12.Nxf6+ gxf6 13.Bc3 O-O 14.Qe2 e5 15.Kh1 f5
16.Nxe5 dxe5 17.Qxe5 Bf6 18.Qxc5 Bxc3 19.Qxc3 Qf6 20.Qxf6 Rxf6 21.Rfe1 Re6
22.f4 Bd7 23.Rxe6 Bxe6 24.Kg1 Re8 25.Re1 Bf7 26.Rxe8+ Bxe8 27.b4 Kf7 28.Kf2 Ke6
29.Ke3 c5 30.a3 Kd6 31.c4 a6 32.d4 cxd4+ 33.Kxd4 Ba4 34.g3 Be8 35.h3 h5 36.h4 Bc6
37.Kc3 Ba4 38.Kd4 Bc6 39.Kd3 Be8 40.Kc2 Ba4+ 41.Kc3 Bc6 42.Kb3 Bf3  1/2-1/2

[Event "CRO-chT"]
[Site "Medulin"]
[Date "1997.??.??"]
[Round "?"]
[White "Zelic, Zdravko"]
[Black "Feletar, Darko"]
[Result "1/2-1/2"]
[WhiteElo "2365"]
[BlackElo "2330"]

1.e4 c5 2.Nf3 Nc6 3.Bb5 e6 4.O-O Nge7 5.Re1 a6 6.Bf1 d5 7.exd5 Nxd5 8.d4 Nf6
9.c3 cxd4 10.cxd4 Be7 11.Nc3 O-O 12.Be3 b5 13.Rc1 Bb7 14.Ne5 Na5 15.Bg5 Rc8
16.Bxf6 gxf6 17.Ng4 f5 18.Ne5 Bg5 19.Rc2 Nc6 20.Nxc6 Rxc6 21.Ne2 Rxc2 22.Qxc2 Qa5
23.Rd1 Rc8 24.Qd3 Qc7 25.Nc3 Rd8 26.a3 Bf6 27.Qe3 f4 28.Qh3 Bxd4 29.Bd3 f5
30.Qh6 Qe7 31.Qxf4 Qg7 32.Bf1 Bf6 33.Rxd8+ Bxd8 34.Qd6 Qe7 35.Qe5 Bc7 36.Qe2 Qd6
37.Qh5 Qe5 38.Be2 Bc6 39.Qg5+ Qg7 40.Qxg7+ Kxg7 41.g3 Kf6 42.Bd1 Ke5 43.Kf1 Kd4
44.Ke2 a5 45.Kd2 Be5 46.Bc2 Kc4 47.b3+ Kc5 48.f4 Bd4 49.h3 Bg2 50.Bd3 Bxh3
51.Nxb5 Bf2 52.Nc7 Kd6 53.Nb5+ Kd7 54.Bc4 Bxg3 55.Ke3 e5 56.fxe5 Bxe5 57.Nd4 Kd6
58.b4 axb4 59.axb4 f4+ 60.Ke4 Bg2+ 61.Nf3 h5 62.Bf1 Bh1 63.Bh3 Bc3 64.Kxf4 Bxb4
65.Bf5 Ke7 66.Bg6 Bd6+ 67.Ke3 Bc5+ 68.Kf4 Bd6+  1/2-1/2

[Event "Carlos Torre mem op"]
[Site "Merida"]
[Date "1997.??.??"]
[Round "1"]
[White "Martin del Campo, Roberto"]
[Black "Alayola, Jose Enrique"]
[Result "1-0"]
[WhiteElo "2485"]
[BlackElo "2220"]

1.e4 c5 2.Nf3 Nc6 3.Bb5 Qc7 4.O-O d6 5.Re1 Bd7 6.c3 g6 7.d4 cxd4 8.cxd4 Bg7
9.Nc3 Nf6 10.Bg5 h6 11.Bxf6 exf6 12.Rc1 O-O 13.Qd2 a6 14.Ba4 Qd8 15.Qf4 b5
16.Bb3 Be6 17.Nd5 Rc8 18.Rc3 Na7 19.Rxc8 Nxc8 20.Rc1 Nb6  1-0

[Event "Carlos Torre mem op"]
[Site "Merida"]
[Date "1997.??.??"]
[Round "9"]
[White "Hernandez, Gilberto"]
[Black "Hernandez, Roman"]
[Result "1/2-1/2"]
[WhiteElo "2525"]
[BlackElo "2430"]

1.e4 c5 2.Nf3 Nc6 3.Bb5 g6 4.O-O Bg7 5.c3 Nf6 6.Re1 a6 7.Bf1 d6 8.h3 O-O
9.d4 b5 10.a4 b4 11.d5 Na5 12.cxb4 cxb4 13.Nbd2 e6 14.dxe6 Bxe6 15.Nd4 Re8
16.N2f3 Bd7 17.Bd3  1/2-1/2

[Event "Central America-ch"]
[Site "MEX"]
[Date "1997.??.??"]
[Round "?"]
[White "Davila, Carlos"]
[Black "Guillen, Jose A"]
[Result "1-0"]
[WhiteElo "2350"]
[BlackElo "2220"]

1.e4 c5 2.Nf3 Nc6 3.Bb5 Nf6 4.Qe2 d6 5.e5 Nd5 6.O-O Bg4 7.exd6 Qxd6 8.Nc3 Nf4
9.Qe3 Bh3 10.Ne4 Qg6 11.Nfg5 Bxg2 12.Qxf4 Bxe4 13.d3 Bf5 14.Kh1 a6 15.Bc4 e6
16.Qc7 Nd8 17.Be3 Qh5 18.f4 b5 19.Bb3 c4 20.dxc4 h6 21.Rad1 Bb4 22.Bb6 O-O
23.Nf3 Be4 24.Rd3 Nc6 25.cxb5 axb5 26.Re3 Bd5 27.Bxd5 Qxd5 28.Rd3 Qe4 29.a3 Ba5
30.Bxa5 Nxa5 31.Re1 Qf5 32.Qe5 Qh3 33.Nd4 Qh4 34.Rg3 g6 35.Nxe6 f6 36.Qc7  1-0

[Event "Central America-ch"]
[Site "MEX"]
[Date "1997.??.??"]
[Round "?"]
[White "Guillen, Jose A"]
[Black "Chavez, Hector Eduardo"]
[Result "1-0"]
[WhiteElo "2220"]
[BlackElo "2090"]

1.e4 c5 2.Nf3 Nc6 3.Bb5 e6 4.c3 d5 5.d3 dxe4 6.Bxc6+ bxc6 7.dxe4 Qxd1+ 8.Kxd1 Nf6
9.Nbd2 Ba6 10.c4 Rd8 11.Kc2 g6 12.b3 Nd7 13.e5 Bg7 14.Bb2 f6 15.exf6 Bxf6
16.Rhe1 Ke7 17.Ne4 Bxb2 18.Kxb2 h6 19.Rad1 Bc8 20.Rd2 Nf6 21.Nxf6 Kxf6 22.Red1 Rxd2+
23.Rxd2 Rh7 24.Rd8 Bb7 25.Rf8+ Ke7 26.Rg8 Kf7 27.Rb8 Kf6 28.Kc3 Rc7 29.Ne1 Bc8
30.Nd3 e5 31.Nxc5 Kf5 32.a4 g5 33.a5 h5 34.a6 h4 35.Rb7 Rxb7 36.axb7 Bxb7
37.Nxb7 g4 38.Nd6+ Kf4 39.Kd3 h3 40.gxh3 gxh3 41.Ke2 e4 42.Nc8 a6 43.Ne7 c5
44.Nd5+ Ke5 45.Ke3  1-0

[Event "Central America-ch"]
[Site "MEX"]
[Date "1997.??.??"]
[Round "?"]
[White "Blanco Sing, Israel"]
[Black "Burgos, Carlos"]
[Result "1/2-1/2"]
[WhiteElo "2365"]
[BlackElo "2335"]

1.e4 c5 2.Nf3 Nc6 3.Bb5 e6 4.O-O Nge7 5.c3 a6 6.Ba4 Ng6 7.d4 cxd4 8.cxd4 d5
9.exd5 exd5 10.Nc3 Be7 11.Ne5 Qd6 12.Bxc6+ bxc6 13.Qa4 Bd7 14.Nxd7 Qxd7 15.Bd2 O-O
16.Rac1 Rfb8 17.Nd1 Bf6 18.b3 Rc8 19.Rc2 Nh4 20.Ne3 Bg5 21.h3 Bxe3 22.Bxe3 Qf5
23.Re2 Qg6 24.f3 Re8 25.Rff2 Nf5 26.Bf4 h5 27.Re5 f6 28.Ree2 Rxe2 29.Rxe2 Re8
30.Rd2  1/2-1/2

[Event "Minsk op"]
[Site "Minsk"]
[Date "1997.??.??"]
[Round "6"]
[White "Vysochin, Spartak"]
[Black "Sherbakov, Ruslan"]
[Result "1/2-1/2"]
[WhiteElo "2500"]
[BlackElo "2580"]

1.e4 c5 2.Nf3 Nc6 3.Bb5 e6 4.O-O Nge7 5.c3 d5 6.exd5 Nxd5 7.Ne5 Qc7 8.Qa4 Bd7
9.Nxd7 Qxd7 10.d3 Rc8 11.Nd2 a6 12.Bxc6 Qxc6 13.Qg4 Nf6 14.Qe2 Be7  1/2-1/2

[Event "Minsk op"]
[Site "Minsk"]
[Date "1997.??.??"]
[Round "9"]
[White "Sulskis, Sarunas"]
[Black "Lavretzkij, Roman"]
[Result "1-0"]
[WhiteElo "2525"]
[BlackElo "2320"]

1.e4 c5 2.Nf3 Nc6 3.Bb5 g6 4.Bxc6 dxc6 5.d3 Bg7 6.Nc3 Nf6 7.Be3 b6 8.h3 O-O
9.Qd2 Re8 10.d4 cxd4 11.Bxd4 c5 12.Be5 Qxd2+ 13.Nxd2 Bb7 14.f4 Nh5 15.Bxg7 Kxg7
16.Rf1 e5 17.fxe5 Rxe5 18.O-O-O Ng3 19.Rf3 Nxe4 20.Ndxe4 Bxe4 21.Nxe4 Rxe4
22.Rd7 Rf8 23.Rxa7 h5 24.Rb7 Re6 25.b3 h4 26.Kb2 g5 27.Kc3 Kg6 28.a4 f5 29.Rd7 Re2
30.Rd2 Rfe8 31.Kd3 R2e4 32.Rff2 g4 33.Rfe2 Rd4+ 34.Kc3 Rxe2 35.Rxe2 Kg5 36.Re6 Rb4
37.Kb2 gxh3 38.gxh3 f4 39.c4 Kf5 40.Rh6 Kg5 41.Rh8 Kf5 42.Rxh4 f3 43.Rh8 Kf4
44.h4 f2 45.h5 Kg5 46.Rf8 Kxh5 47.Rxf2 Kg5 48.Kc3 Kg6 49.Ra2 Kf6 50.a5 b5
51.a6 bxc4 52.a7 cxb3 53.Ra6+ Ke5 54.a8=Q b2 55.Qe8+  1-0

[Event "Mondariz op"]
[Site "Mondariz"]
[Date "1997.??.??"]
[Round "?"]
[White "Bello Filgueira, Joaquin"]
[Black "Reinaldo Castineira, Roi"]
[Result "1-0"]
[WhiteElo "2005"]
[BlackElo "2265"]

1.e4 c5 2.Nf3 Nc6 3.Bb5 g6 4.O-O Bg7 5.Re1 e5 6.Bxc6 dxc6 7.b4 cxb4 8.a3 bxa3
9.Nxa3 Ne7 10.Bb2 Bg4 11.h3 Bxf3 12.Qxf3 Qc7 13.Nc4 b5 14.Ne3 O-O 15.Ra6 f5
16.Rea1 c5 17.Qe2 c4 18.exf5 gxf5 19.Ba3 e4 20.Bd6 Qb7 21.c3 Rf6 22.Qh5 Rh6
23.Qg5 Nd5 24.Nxd5 Qxd5 25.Rxa7 Rxa7 26.Qd8+ Kf7 27.Rxa7+ Kg6 28.Rxg7+ Kxg7
29.Bf8+ Kf7 30.Qxd5+ Kxf8 31.Qxf5+  1-0

[Event "Mondariz op"]
[Site "Mondariz"]
[Date "1997.??.??"]
[Round "?"]
[White "Galego, Luis"]
[Black "Lanka, Zigurds"]
[Result "1/2-1/2"]
[WhiteElo "2440"]
[BlackElo "2565"]

1.e4 c5 2.Nf3 Nc6 3.Bb5 g6 4.O-O Bg7 5.Re1 e5 6.b4 Nxb4 7.Bb2 Qc7 8.c3 Nc6
9.d4 Nge7 10.dxc5 Na5 11.Nbd2 O-O 12.Nb3 Nec6 13.Qd5 Nd8 14.Bc1 Ne6 15.Be3 Nc6
16.Rad1 Kh8 17.Ng5 Nxg5 18.Bxg5 f6 19.Be3 f5 20.f3 f4 21.Bf2 g5 22.Nd2 Na5
23.Nc4 Nxc4 24.Bxc4 Qd8 25.Bb5 Qf6 26.Qd6 Qf7 27.Rd5 Re8 28.Red1 Bf6 29.Bxd7 Bxd7
30.Qxd7 Re7 31.Qf5 Kg7 32.Rd6 Rae8 33.R1d5 Rc7 34.c4 Ree7 35.Be1 Qg6 36.Qxg6+ hxg6
37.Ba5 b6 38.cxb6 axb6 39.Bxb6 Rxc4 40.Rxf6 Kxf6 41.Bd8 Ke6 42.Bxe7 Rc1+
43.Kf2 Kxe7 44.a4 Rc2+ 45.Kf1 Ra2 46.h3 Ra1+ 47.Kf2 Ra2+ 48.Kg1 Ra1+ 49.Kh2 Rxa4
50.Rxe5+ Kf6 51.Rb5 Ra2 52.Rb6+ Kg7 53.Rb7+ Kf6 54.Rh7 Rb2 55.Ra7 Rc2 56.Ra6+ Kg7
57.Ra5 Kf6 58.Rd5 Ra2 59.Rd6+ Kg7 60.e5 Re2 61.Rd5 Kf7 62.Kg1 Ke6 63.Rd6+ Kxe5
64.Rxg6 Kf5 65.Rg8 Re7 66.Rf8+ Ke5 67.Kf2 Ra7 68.Kg1 Ra1+ 69.Kh2 Ra7 70.h4 Rh7  1/2-1/2

[Event "Montcada op"]
[Site "Montcada"]
[Date "1997.??.??"]
[Round "5"]
[White "Bjerring, Kai"]
[Black "Yepes Martinez, Eduard"]
[Result "0-1"]
[WhiteElo "2315"]
[BlackElo "2280"]

1.e4 c5 2.Nf3 Nc6 3.Bb5 a6 4.Bxc6 dxc6 5.b3 e5 6.Bb2 f6 7.d3 Bd6 8.Nbd2 b5
9.c3 Ne7 10.Qc2 O-O 11.d4 cxd4 12.cxd4 exd4 13.Bxd4 Bg4 14.O-O Qc7 15.Bc5 Rad8
16.h3 Bh5 17.Rfe1 Bf7 18.Rac1 Ng6 19.Be3 Rc8 20.Bc5 Rfd8 21.Nd4 Ne5 22.Bxd6 Qxd6
23.N2f3 c5 24.Nxe5 Qxe5 25.Nf3 Qe7 26.e5 c4 27.exf6 Qxf6 28.Ne5 Re8 29.Nxf7 Qxf7
30.Rxe8+ Qxe8 31.Qf5 c3 32.b4 Rc4 33.Qd5+ Kh8 34.Rc2 h6 35.a3 Qg6 36.Qd1 Qe4
37.Kf1 Rd4 38.Qe2 Qd5 39.Qe8+ Kh7 40.Rc1 Rd1+  0-1

[Event "Moravia-chT 9697"]
[Site "?"]
[Date "1997.??.??"]
[Round "?"]
[White "Berezjuk, Sergej"]
[Black "Mudrak, Josef"]
[Result "1-0"]
[WhiteElo "2410"]
[BlackElo "2320"]

1.e4 c5 2.Nf3 Nc6 3.Bb5 a6 4.Bxc6 dxc6 5.h3 Qc7 6.d3 e5 7.a4 a5 8.Nbd2 f6
9.Nc4 Be6 10.Bd2 Ne7 11.Ne3 g5 12.Nh2 O-O-O 13.Qf3 Bg7 14.Nhf1 Rhf8 15.Ng3 Rf7
16.Bc3 Ng6 17.Ngf5 Bf8 18.g3 b6 19.h4 gxh4 20.Nxh4 Bh6 21.Nhf5 Bxe3 22.Nxe3 Qd7
23.O-O-O f5 24.exf5 Bxf5 25.Nc4 Kb7 26.Bxe5 Ka6 27.Qe3 Bg4 28.Rde1 Bf3 29.Rh6 Qd5
30.Bc3 Re7 31.Qd2 Rde8 32.Re3 b5 33.axb5+ cxb5 34.Rxe7 Rxe7 35.Bf6 bxc4 36.Bxe7 Bh5
37.Qe1 cxd3 38.cxd3 Kb5 39.Bd8 Qxd8 40.Rxh5 Qxd3 41.Qe3 Qc4+ 42.Kb1 Ne7 43.Qc3 Qf1+
44.Ka2 Qxf2 45.Qb3+ Kc6 46.Qe6+  1-0

[Event "Moravia-chT 9697"]
[Site "?"]
[Date "1997.??.??"]
[Round "?"]
[White "Kana, Pavel"]
[Black "Muzik, Martin"]
[Result "0-1"]
[WhiteElo "2165"]
[BlackElo "2230"]

1.e4 c5 2.Nf3 Nc6 3.Bb5 e6 4.Bxc6 bxc6 5.e5 f6 6.b3 fxe5 7.Nxe5 Nf6 8.Bb2 Be7
9.O-O O-O 10.d3 Qc7 11.Qe2 d6 12.Nc4 e5 13.f4 Bg4 14.Qe3 Nd5 15.Qg3 Be2 16.Rf2 Nxf4
17.Nc3 Bh5 18.Re1 Qd8 19.Qe3 Bh4 20.Rxf4 exf4 21.Qe6+ Bf7 22.Qg4 Bxe1 23.Nd5 Bg6
24.Qe6+ Kh8 25.Ne7 Bh4 26.Nxg6+ hxg6 27.Qxg6 Bf6  0-1

[Event "Moravia-chT 9697"]
[Site "?"]
[Date "1997.??.??"]
[Round "?"]
[White "Berezjuk, Sergej"]
[Black "Cvek, Robert"]
[Result "1/2-1/2"]
[WhiteElo "2410"]
[BlackElo "2340"]

1.e4 c5 2.Nf3 Nc6 3.Bb5 g6 4.Bxc6 bxc6 5.O-O Bg7 6.Re1 e5 7.c3 Ne7 8.d4 cxd4
9.cxd4 exd4 10.Nxd4 O-O 11.Nc3 Rb8 12.Rb1 Qc7 13.Bg5 Re8 14.Qd2 d6 15.Bf4 Bb7
16.Nb3 Rbd8 17.Rbd1 Nc8 18.Bg5 f6 19.Bf4 Qf7 20.Na5 Ba8 21.b4 Bf8 22.Qc2  1/2-1/2

[Event "Moravia-chT 9697"]
[Site "?"]
[Date "1997.??.??"]
[Round "?"]
[White "Klima, Lukas"]
[Black "Kozak, Petr"]
[Result "1-0"]
[WhiteElo "2235"]
[BlackElo "2095"]

1.e4 c5 2.Nf3 Nc6 3.Bb5 e6 4.O-O Nf6 5.Re1 Be7 6.Nc3 O-O 7.e5 Ne8 8.d4 a6
9.Bxc6 bxc6 10.dxc5 Bxc5 11.Ne4 Be7 12.Be3 f5 13.Nd6 Nxd6 14.exd6 Bf6 15.Bd4 c5
16.Bxc5 Bxb2 17.Rb1 Qa5 18.Rxb2 Qxc5 19.Qd4 Qxd4 20.Nxd4 a5 21.c4 Kf7 22.c5 Rd8
23.f4 g6 24.Nf3 Ke8 25.Ne5 Ba6 26.Rb6 Rdb8 27.Reb1 Rxb6 28.Rxb6 a4 29.a3 Kd8
30.Kf2 Kc8 31.Ke3 Bf1 32.c6 Bxg2 33.cxd7+ Kd8 34.Rb5 h6 35.Rc5  1-0

[Event "Moravia-chT 9697"]
[Site "?"]
[Date "1997.??.??"]
[Round "?"]
[White "Marek, Jiri"]
[Black "Klima, Lukas"]
[Result "0-1"]
[WhiteElo "2205"]
[BlackElo "2235"]

1.e4 c5 2.Nf3 Nc6 3.Bb5 g6 4.O-O Bg7 5.c3 e5 6.d3 Nge7 7.Be3 d6 8.Nbd2 O-O
9.Ne1 a6 10.Bc4 Na5 11.Bd5 Nxd5 12.exd5 b5 13.a4 b4 14.c4 f5 15.f3 Bd7 16.Ra2 Qe7
17.b3 g5 18.g4 e4 19.fxe4 fxg4 20.Rxf8+ Rxf8 21.Nf1 Be5 22.Ng2 Qg7 23.Ng3 Rf3
24.Bf2 Bd4 25.Ne1 Rxf2 26.Rxf2 Qf6 27.Nh1 Kg7 28.Kg2 Bxf2 29.Nxf2 h5 30.Kg1 Kg6
31.Ng2 Qf3 32.Qc2 h4 33.Ne1 Qe3 34.Ng2 Qd4 35.Kf1 g3 36.hxg3 hxg3 37.Nh1 Qa1+
38.Ne1 Bh3+ 39.Ke2 g2 40.Nxg2 Qxh1 41.Ne3 Qh2+  0-1

[Event "Moravia-chT 9697"]
[Site "?"]
[Date "1997.??.??"]
[Round "?"]
[White "Vyskocil, Neklan"]
[Black "Michenka, Jozef"]
[Result "1/2-1/2"]
[WhiteElo "2250"]
[BlackElo "2355"]

1.e4 c5 2.Nf3 Nc6 3.Bb5 d6 4.O-O Bd7 5.c3 a6 6.Bxc6 Bxc6 7.Re1 Nf6 8.d4 g6
9.e5 dxe5 10.Nxe5 cxd4 11.Nxc6 bxc6 12.Qf3 Qd6 13.b3 Nd5 14.Ba3 Qf6 15.Qxf6 Nxf6
16.cxd4 Rd8 17.Nd2 Rxd4 18.Nc4 Re4 19.Ne5 e6 20.Bxf8 Rxf8 21.Nxc6 Kd7 22.Ne5+ Kd6
23.Nc4+ Ke7 24.Rxe4 Nxe4 25.Rd1 Rc8 26.f3 Nc3 27.Rd2 Rc5 28.Kf2 e5 29.Rc2 Nb5
30.Na3 Rc3 31.Rxc3 Nxc3 32.Nc4 Nxa2 33.Nxe5 Nc1 34.b4 Ke6 35.Nc4 Nd3+ 36.Ke3 Nxb4
37.Kd4 Nc2+ 38.Kc3 Kd5 39.Nb6+ Kc6 40.Nc4 Ne1 41.Ne3 Kc5 42.f4 a5 43.h4 h5
44.g3 Nf3 45.f5 g5 46.Ng2 Nd4 47.f6 Ne2+ 48.Kd3 Nxg3 49.hxg5 Kd6 50.Nf4 a4
51.g6 fxg6 52.Nxg6 Ke6 53.Nf4+ Kxf6 54.Nxh5+  1/2-1/2

[Event "Goldberg mem"]
[Site "Moscow "]
[Date "1997.??.??"]
[Round "9"]
[White "Odeev, Handszar"]
[Black "Rychagov, Andrei"]
[Result "1-0"]
[WhiteElo "2420"]
[BlackElo "2455"]

1.e4 c5 2.Nf3 Nc6 3.Bb5 g6 4.O-O Bg7 5.c3 e5 6.d4 cxd4 7.cxd4 Nxd4 8.Nxd4 exd4
9.Bf4 Ne7 10.Na3 O-O 11.Bd6 a6 12.Bc4 b5 13.Bb3 Bb7 14.Qd2 Rc8 15.Qf4 Kh8
16.Rad1 f5 17.e5 Re8 18.Rfe1 Qb6 19.h4 Nd5 20.Qg5 Re6 21.Nc2 Rce8 22.Nxd4 Qxd6
23.Nxe6 Qxe6 24.Qd2 Bxe5 25.Bxd5 Bxd5 26.Qxd5 Qxd5 27.Rxd5 d6 28.f4 Bd4+
29.Kf1  1-0